The Church Missionary Society and modern medicine in Uganda : (Record no. 12939)

MARC details
000 -LEADER
fixed length control field 00653cam a22002052 4500
001 - CONTROL NUMBER
control field 0000004864
005 - DATE AND TIME OF LATEST TRANSACTION
control field 20151217155826.0
008 - FIXED-LENGTH DATA ELEMENTS--GENERAL INFORMATION
fixed length control field 070530s xx 000 0 eng d
020 ## - INTERNATIONAL STANDARD BOOK NUMBER
International Standard Book Number 0950643203 :
040 ## - CATALOGING SOURCE
Original cataloging agency KABU
Transcribing agency KABU
050 #0 - LIBRARY OF CONGRESS CALL NUMBER
Classification number R722.32
Item number .C66F67
100 1# - MAIN ENTRY--PERSONAL NAME
Personal name Foster, W. D.
-- 0000155747
245 14 - TITLE STATEMENT
Title The Church Missionary Society and modern medicine in Uganda :
Remainder of title the life of Sir Albert Cook 1870-1951.
260 ## - PUBLICATION, DISTRIBUTION, ETC. (IMPRINT)
Place of publication, distribution, etc. London :
Name of publisher, distributor, etc. Newhaven,
Date of publication, distribution, etc. 1978.
300 ## - PHYSICAL DESCRIPTION
Extent 234 p.
650 #0 - SUBJECT ADDED ENTRY--TOPICAL TERM
Topical term or geographic name as entry element Missionaries, medical
Geographic subdivision Uganda
General subdivision Biography.
-- 0000155752
908 ## - PUT COMMAND PARAMETER (RLIN)
Put command parameter 070530
950 ## - LOCAL HOLDINGS (RLIN)
-- 1
Holdings
Withdrawn status Lost status Source of classification or shelving scheme Not for loan Home library Current library Date acquired Total Checkouts Full call number Barcode Date last seen Price effective from Koha item type
    Library of Congress Classification   Kabarak, Main Campus Kabarak, Main Campus 17/12/2015   R722.32 .C66F67 003956 17/12/2015 17/12/2015 Africana Collection
Designed with assistance from East African Informatics Ltd